000 00720nam a2200241 i 4500
001 bg
100 1 _aSHELDON, Tom.
245 1 0 _aWielka encyklopedia sieci komputerowych.
_nT.1,
_pOd A do L /
_cTom Sheldon ; [przekł. z ang. Ryszard Jarża et al.].
246 _iTyt. oryg.:
_aEncyclopedia of networking
260 _aWrocław :
_b"Robomatic",
_c1999.
300 _a820 s. :
_brys. ;
_c24 cm.
500 _aTyt. oryg.: "Encyclopedia of networking".
504 _aIndeks.
650 9 _aSieć komputerowa
655 _aEncyklopedie
020 _a8387150754
040 _cBPK
041 1 _apl
_hen
080 _a004.7(03)
920 _a83-87150-75-4
942 _cKS
008 s pl f |000 0 pol
999 _c35790
_d35790
856 _uhttp://koha.tu.koszalin.pl/cgi-bin/koha/opac-detail.pl?biblionumber=35790
_yKatalog online BPK